Régimen integral de reparación de los infortunios del trabajo /
Guardado en:
| Autor Principal: | |
|---|---|
| Otros Autores: | |
| Formato: | Libro |
| Idioma: | Spanish |
| Publicado: |
Córdoba :
Alveroni Ediciones,
2013
|
| Edición: | 1a. ed. |
| Series: | Códigos y Leyes ;
38 |
| Materias: | |
| Etiquetas: |
Agregar Etiqueta
Sin Etiquetas, Sea el primero en etiquetar este registro!
|
| LEADER | 00787nam a22002055a 4500 | ||
|---|---|---|---|
| 001 | DER.der012636 | ||
| 008 | 180615s2013####ag#||||||||||||||#||spa|| | ||
| 005 | 20251016153844.0 | ||
| 245 | 1 | 0 | |a Régimen integral de reparación de los infortunios del trabajo / |c Carlos Alberto Toselli y Mauricio Adrián Marionsini. |
| 250 | |a 1a. ed. | ||
| 260 | |a Córdoba : |b Alveroni Ediciones, |c 2013 | ||
| 300 | |a 584 p. | ||
| 490 | 0 | |a Códigos y Leyes ; |v 38 | |
| 500 | |a Anexo normativo. Leyes 24.557 Y 26.773. Decretos Reglamentarios 1278/00 y 1694/09. | ||
| 020 | |a 9789876430937 | ||
| 100 | 1 | |a Toselli, Carlos Alberto | |
| 700 | 0 | |a Marionsini, Mauricio Adrián. | |
| 653 | |a DERECHO LABORAL | ||
| 859 | |a DERECHO |b BIB. DERECHO |h 344.022 |i TOS |k 1.27 |p 007480 | ||
| 859 | |a DERECHO |b BIB. DERECHO |h 344.022 |i TOS |p 009433 |t 1 | ||
